000 01323njm a2200289Ia 4500
001 24304
003 IT-RoPAU
005 20220918181136.0
008 131025s9999 xx 000 0 und d
040 _aIT-RoPAU
040 _cIT-RoPAU
041 _aITALIANO
999 _c100915
_d100915
999 _bn.d.
100 _aRossi De Gasperis Francesco
_910107
100 _eAutore testo
_910108
100 _gCodice autore testo SPICS: 8170
_910109
245 _aMandò lo Spirito Santo
250 _a1a ed.
260 _aROMA
260 _bEP - MUSICALI E DISCOGRAFICHE
_c1984 [1a Ed.:1984 - Ed. Lingua Orig.: 1984]
300 _aMUSICASSETTA
300 _c44 minuti (Testo: pag.)
500 _aParlato. Lettura del testo: Benedetto Nardacci. Riflessione per il tempo di Pentecoste.
505 _aEffusione dello Spirito Santo e il "progetto" di Dio nel mondo - Esistenza cristiana come vita secondo "Lo Spirito" - Dono dello Spirito e discernimento cristiano - Uomo condotto dallo Spirito Santo - Profondità spirituale dell'uomo - Uomini figli di Dio per la liberazione del mondo - Ortoprassi cristiana - Camminare in una vita nuova - Spirito del Cristo risorto dirige il cristiano - Lo Spirito fa rivivere il mistero di Cristo nei discepoli.
650 _aPARLATO [CASSETTE]
_eCodice MATERIA SPICS: 9951
_910110
942 _cMC
_2ddc